书目信息 |
| 题名: |
电子金融自主创新与农村金融信息化模式研究
|
|
| 作者: | 施慧洪 著 | |
| 分册: | ||
| 出版信息: | 北京 中国金融出版社 2009 |
|
| 页数: | 290页 | |
| 开本: | 23cm | |
| 丛书名: | ||
| 单 册: | ||
| 中图分类: | F832.35 | |
| 科图分类: | ||
| 主题词: | 计算机应用--农村金融--研究--中国 , 计算机应用 , 农村金融 | |
| 电子资源: | ||
| ISBN: | 978-7-5049-5159-5 | |
| 000 | 00997nam0 2200277 45 | |
| 001 | 1034506300 | |
| 005 | 20100319083557.60 | |
| 010 | @a978-7-5049-5159-5@dCNY35.00 | |
| 100 | @a20100311d2009 em y0chiy50 ea | |
| 101 | 0 | @achi |
| 102 | @aCN@b110000 | |
| 105 | @ay z 000yy | |
| 106 | @ar | |
| 200 | 1 | @a电子金融自主创新与农村金融信息化模式研究@ADian Zi Jin Rong Zi Zhu Chuang Xin Yu Nong Cun Jin Rong Xin Xi Hua Mo Shi Yan Jiu@f施慧洪著@FShi Hui Hong Zhu |
| 210 | @a北京@c中国金融出版社@d2009 | |
| 215 | @a290页@d23cm | |
| 300 | @a中国农村金融创新研究系列论著 | |
| 300 | @a北京市属高校人才强教学术创新项目 | |
| 330 | @a本书共六章,主要内容包括:电子金融自主创新的概念、发展路径及绩效分析,电子金融自主创新理论分析,电子金融自主创新的实证分析等。 | |
| 606 | 0 | @a计算机应用@x农村金融@x研究@y中国 |
| 606 | 0 | @a计算机应用 |
| 606 | 0 | @a农村金融 |
| 690 | @aF832.35@v4 | |
| 701 | 0 | @a施慧洪@AShi Hui Hong@4著 |
| 801 | 0 | @aCN@bTANGWEI@c20100319 |
| 905 | @b0585735-37@dF832.35@e65@f3 | |
| 电子金融自主创新与农村金融信息化模式研究/施慧洪著.-北京:中国金融出版社,2009 |
| 290页;23cm |
| 中国农村金融创新研究系列论著.-北京市属高校人才强教学术创新项目 |
| ISBN 978-7-5049-5159-5:CNY35.00 |
| 本书共六章,主要内容包括:电子金融自主创新的概念、发展路径及绩效分析,电子金融自主创新理论分析,电子金融自主创新的实证分析等。 |
| ● |
| 相关链接 |
|
|
|
|
正题名:电子金融自主创新与农村金融信息化模式研究
索取号:F832.35/65
 
预约/预借
| 序号 | 登录号 | 条形码 | 馆藏地/架位号 | 状态 | 备注 |
| 1 | 0585735 | 205857358 | 第一样本阅览室/ [索取号:F832.35/65] | 在馆 | |
| 2 | 0585736 | 205857367 | 第一借阅区/ [索取号:F832.35/65] | 在馆 | |
| 3 | 0585737 | 205857376 | 密集书库-海洋学院/ [索取号:F832.35/65] | 在馆 |